| 000 | 00595nam a22001817a 4500 | ||
|---|---|---|---|
| 003 | OSt | ||
| 005 | 20161122173721.0 | ||
| 008 | 161122s2016 spc|||||||||||||| ||spa|d | ||
| 020 | _a9788425229022 | ||
| 040 |
_bcat _cCDMR |
||
| 100 | 1 | _aLewis, Angharad | |
| 245 | 1 | 0 |
_a¿Quieres publicar una revista? _b: autoedición, diseño, creación y distribución de publicaciones independientes _cAngharad Lewis |
| 260 |
_aBarcelona : _bGustavo Gili, _c2016 |
||
| 300 |
_a168 p. : _bil.; _c23 cm |
||
| 650 | 0 | 7 |
_aRevistes _xManuals, guies, etc _2lemac _93237 |
| 650 | 0 | 4 |
_aRevistes _xEdició _93237 |
| 942 | _cMON | ||
| 999 |
_c6975 _d6975 |
||